00384pab a2200145 454500008004000000100001900040245007700059260000900136300001100145362000800156650002800164650001900192650001100211773001600222180718b2010 xxu||||| |||| 00| 0 eng d aTripathy, K.K. aBudget 2010-11 and inclusive growth: a feel good factor for rural India? c2010 ap.3-6. aApr aEconomic growth - India aBudget - India aBudget aKurukshetra